[Event "EU-chT Seniors 07th"]
[Site "Dresden"]
[Date "2005.02.23"]
[Round "6"]
[White "Walter, Guenter"]
[Black "Gaprindashvili, Nona"]
[Result "1/2-1/2"]
[WhiteElo "2271"]
[BlackElo "2309"]
[EventDate "2005.02.18"]
[PlyCount "67"]

1.e4 b6 2.d4 Bb7 3.Nd2 e6 4.Ngf3 d6 5.Bd3 Nd7 6.Qe2 a6 7.O-O g6 8.Re1 Bg7 
9.Nf1 Ne7 10.c3 O-O 11.Ng3 c5 12.Be3 Qc7 13.Rac1 h6 14.h3 e5 15.Bb1 Rad8 
16.Nh2 Qb8 17.Rcd1 cxd4 18.cxd4 Nc6 19.Nf3 exd4 20.Nxd4 Nc5 21.Qd2 d5 22.
Nxc6 Bxc6 23.Bxh6 dxe4 24.Qg5 Bxh6 25.Qxh6 Rxd1 26.Rxd1 Rd8 27.Re1 Qe5 28.
b4 Nd3 29.Bxd3 Rxd3 30.h4 Rd6 31.Qe3 Rd4 32.Qh6 Rd6 33.Qe3 Rd4 34.Qh6 
1/2-1/2

[Event "EU-chT Seniors 07th"]
[Site "Dresden"]
[Date "2005.02.23"]
[Round "6"]
[White "Weinwurm, Wolfgang"]
[Black "Dominguez Rueda, Juan"]
[Result "1/2-1/2"]
[WhiteElo "2126"]
[BlackElo "2138"]
[EventDate "2005.02.18"]
[PlyCount "89"]

1.e4 e6 2.d4 d5 3.Nc3 Bb4 4.e5 c5 5.a3 Bxc3+ 6.bxc3 Ne7 7.Nf3 Nbc6 8.Bd3 
Qa5 9.Bd2 Qa4 10.dxc5 Na5 11.Qe2 Nc4 12.O-O Bd7 13.Bg5 h6 14.Bxe7 Kxe7 15.
Rfb1 Na5 16.Nd4 Nc6 17.Qe3 Rhb8 18.Nb5 Qa5 19.Qf4 Nd8 20.Qb4 Qxb4 21.axb4 
a6 22.Nd6 g5 23.c4 Nc6 24.cxd5 exd5 25.f4 gxf4 26.Rf1 Be6 27.Rxf4 Nxe5 28.
Re1 f6 29.Rh4 Rg8 30.Kf1 b6 31.Rxh6 bxc5 32.bxc5 Rh8 33.Rxh8 Rxh8 34.h3 
Nf7 35.Nb7 Rc8 36.Bf5 Ne5 37.Bxe6 Kxe6 38.Ra1 Ra8 39.Rb1 Nc4 40.Kf2 Kd7 
41.g4 Kc7 42.Nd6 Nxd6 43.cxd6+ Kxd6 44.h4 a5 45.h5 1/2-1/2

[Event "EU-chT Seniors 07th"]
[Site "Dresden"]
[Date "2005.02.23"]
[Round "6"]
[White "Wheeler, John Francis"]
[Black "Zunker, Reinhard"]
[Result "1/2-1/2"]
[WhiteElo "2220"]
[BlackElo "2233"]
[EventDate "2005.02.18"]
[PlyCount "56"]

1.d4 Nf6 2.c4 g6 3.Nc3 Bg7 4.e4 d6 5.Be2 O-O 6.Bg5 Na6 7.Nf3 h6 8.Bh4 g5 
9.Bg3 Nh5 10.Qd2 e5 11.dxe5 Nxg3 12.hxg3 dxe5 13.O-O-O Qxd2+ 14.Nxd2 c6 
15.g4 Nc5 16.Nf1 Ne6 17.Ne3 Nd4 18.Nf5 Kh7 19.Rd3 Kg6 20.Bd1 Be6 21.b3 
Rad8 22.Rdh3 Rh8 23.Nxg7 Kxg7 24.Nb1 b6 25.Nd2 Bc8 26.Rc3 Rhe8 27.Re1 Be6 
28.Nf1 Rd7 1/2-1/2

[Event "EU-chT Seniors 07th"]
[Site "Dresden"]
[Date "2005.02.23"]
[Round "6"]
[White "Wiemer, Juergen"]
[Black "Denda, Ronald"]
[Result "1/2-1/2"]
[WhiteElo "2140"]
[BlackElo "2051"]
[EventDate "2005.02.18"]
[PlyCount "26"]

1.e4 d5 2.exd5 Qxd5 3.Nc3 Qa5 4.d4 Bf5 5.Bc4 e6 6.Bd2 c6 7.Nge2 Nf6 8.a3 
Qc7 9.Ng3 Bg6 10.b4 Bd6 11.O-O O-O 12.Re1 Nbd7 13.Be3 Nb6 1/2-1/2

[Event "EU-chT Seniors 07th"]
[Site "Dresden"]
[Date "2005.02.23"]
[Round "6"]
[White "Winiwarter, Felix"]
[Black "Bold, Konrad"]
[Result "1-0"]
[WhiteElo "2204"]
[BlackElo "2161"]
[EventDate "2005.02.18"]
[PlyCount "75"]

1.d4 d5 2.c4 c6 3.Nf3 dxc4 4.e3 b5 5.a4 e6 6.axb5 cxb5 7.b3 Nf6 8.bxc4 b4 
9.Bd3 a5 10.O-O Bb7 11.Nbd2 Nc6 12.Bb2 Be7 13.Bc2 O-O 14.e4 Qc7 15.e5 Nd7 
16.Ne4 Rfd8 17.Qe2 Nf8 18.Rfd1 Ba6 19.Bb3 Ng6 20.Qe3 Bb7 21.h4 Nxh4 22.
Nxh4 Bxh4 23.Qf4 f5 24.Qxh4 fxe4 25.d5 Nb8 26.Qxe4 Rf8 27.Rd3 Nd7 28.Rh3 
g6 29.Bc2 Nc5 30.Qd4 a4 31.d6 Qc6 32.Rg3 a3 33.Bc1 Rf7 34.Bxg6 hxg6 35.
Rxg6+ Rg7 36.Rxg7+ Kxg7 37.Qg4+ Kf7 38.Qh4 1-0

[Event "EU-chT Seniors 07th"]
[Site "Dresden"]
[Date "2005.02.23"]
[Round "6"]
[White "Zanger, Konrad"]
[Black "Ruf, Karl"]
[Result "1/2-1/2"]
[WhiteElo "1603"]
[BlackElo "1604"]
[EventDate "2005.02.18"]
[PlyCount "50"]

1.e4 d5 2.exd5 Qxd5 3.Nc3 Qa5 4.d4 Nf6 5.Bd2 c6 6.Bd3 Qc7 7.h3 e6 8.Nf3 h6
9.a3 Bd6 10.b4 O-O 11.O-O Nbd7 12.Ne4 Nxe4 13.Bxe4 Nf6 14.Bd3 b6 15.c4 c5 
16.Re1 Bb7 17.dxc5 bxc5 18.Bc3 Be7 19.Rb1 Rfd8 20.Qe2 Qd7 21.Rbd1 Qe8 22.
b5 Qf8 23.Rb1 Nd7 24.Be4 Bxe4 25.Qxe4 Bf6 1/2-1/2

[Event "EU-chT Seniors 07th"]
[Site "Dresden"]
[Date "2005.02.24"]
[Round "7"]
[White "Bold, Konrad"]
[Black "Luetje, Juergen"]
[Result "1/2-1/2"]
[WhiteElo "2161"]
[BlackElo "2164"]
[EventDate "2005.02.18"]
[PlyCount "39"]

1.e4 c5 2.d4 cxd4 3.c3 dxc3 4.Nxc3 Nc6 5.Nf3 e6 6.Bc4 Qc7 7.O-O Nf6 8.Bg5 
a6 9.Rc1 Be7 10.Qe2 O-O 11.Bb3 d6 12.Rfd1 Re8 13.Bf4 Ng4 14.h3 Nge5 15.Be3
Nxf3+ 16.Qxf3 Rb8 17.Qg3 Qa5 18.Bh6 Bf6 19.Bd2 Nd4 20.Qxd6 1/2-1/2

[Event "EU-chT Seniors 07th"]
[Site "Dresden"]
[Date "2005.02.24"]
[Round "7"]
[White "Brameyer, Hermann"]
[Black "Edwards, Raymond"]
[Result "1/2-1/2"]
[WhiteElo "2272"]
[BlackElo "2104"]
[EventDate "2005.02.18"]
[PlyCount "64"]

1.d4 d5 2.Nf3 Nf6 3.c4 e6 4.Nc3 Be7 5.Bf4 O-O 6.e3 Nbd7 7.cxd5 Nxd5 8.Nxd5
exd5 9.Bd3 Bb4+ 10.Ke2 Nf6 11.Qc2 Bd6 12.Bxd6 Qxd6 13.Rhc1 c6 14.h3 Re8 
15.Ne5 g6 16.a3 Nh5 17.Kf1 Ng7 18.b4 f6 19.Nf3 Bf5 20.Rab1 Bxd3+ 21.Qxd3 
a6 22.Rc2 Nf5 23.a4 Rec8 24.g3 Qd7 25.Kg2 Nd6 26.Nd2 a5 27.bxa5 Rxa5 28.
Nb3 Ra7 29.Nc5 Qe7 30.Qb3 Nc4 31.Re2 Qf7 32.Nd3 Re8 1/2-1/2

[Event "EU-chT Seniors 07th"]
[Site "Dresden"]
[Date "2005.02.24"]
[Round "7"]
[White "Braun, Gottfried"]
[Black "Hecht, Hans Joachim"]
[Result "1/2-1/2"]
[WhiteElo "2331"]
[BlackElo "2381"]
[EventDate "2005.02.18"]
[PlyCount "54"]

1.e4 Nc6 2.Nf3 e5 3.Be2 Nf6 4.d3 d5 5.exd5 Nxd5 6.O-O Be7 7.a3 O-O 8.c4 
Nf4 9.Bxf4 exf4 10.d4 Bf6 11.d5 Ne7 12.Qd2 b5 13.Nc3 bxc4 14.Bxc4 Bxc3 15.
bxc3 Bb7 16.Rfd1 Qd6 17.Ng5 Rad8 18.Qd4 Bxd5 19.Qxa7 Qe5 20.Bxd5 Nxd5 21.
Nf3 Qxc3 22.h3 h6 23.Rac1 Qb2 24.Rb1 Qc3 25.Rbc1 Qb2 26.Rb1 Qf6 27.Qc5 Qd6
1/2-1/2

[Event "EU-chT Seniors 07th"]
[Site "Dresden"]
[Date "2005.02.24"]
[Round "7"]
[White "Bukacek, Emil"]
[Black "Hagen, Horst"]
[Result "1-0"]
[WhiteElo "2240"]
[BlackElo "1926"]
[EventDate "2005.02.18"]
[PlyCount "61"]

1.e4 c5 2.Nc3 Nc6 3.g3 g6 4.Bg2 Bg7 5.d3 d6 6.f4 e6 7.Nf3 Nge7 8.O-O O-O 
9.h3 Rb8 10.a4 a6 11.Ne2 e5 12.c3 f5 13.Qb3+ Kh8 14.Ng5 Qe8 15.Be3 h6 16.
Nf3 Na5 17.Qc2 Be6 18.fxe5 fxe4 19.dxe4 Nc4 20.Qc1 Nxe3 21.Qxe3 dxe5 22.
Qxc5 Nc6 23.b4 Qe7 24.Qe3 Rfd8 25.Rfd1 Rxd1+ 26.Rxd1 Bb3 27.Ra1 Be6 28.a5 
Rd8 29.g4 Bc4 30.Ne1 Rd3 31.Nxd3 1-0

[Event "EU-chT Seniors 07th"]
[Site "Dresden"]
[Date "2005.02.24"]
[Round "7"]
[White "Colombo, Paolo"]
[Black "Crombleholme, Alan"]
[Result "1-0"]
[WhiteElo "2161"]
[BlackElo "2098"]
[EventDate "2005.02.18"]
[PlyCount "115"]

1.Nf3 g6 2.e4 Bg7 3.d4 d6 4.c4 Nf6 5.Nc3 O-O 6.Be2 e5 7.O-O Na6 8.Bg5 h6 
9.Bc1 Qe7 10.dxe5 dxe5 11.Nd5 Qd6 12.Nxf6+ Qxf6 13.Be3 Rd8 14.Qc1 Qc6 15.
Nd2 Nc5 16.Rd1 a5 17.Nb3 Rxd1+ 18.Qxd1 Ne6 19.Qd5 Bd7 20.Rd1 Qxd5 21.cxd5 
Nd8 22.Rc1 a4 23.Nc5 Be8 24.a3 f5 25.f3 f4 26.Bd2 Bf8 27.Nd3 Bd6 28.Bc3 
Nf7 29.g3 g5 30.h4 fxg3 31.hxg5 hxg5 32.Kg2 Kh7 33.Kxg3 Kg6 34.Bf1 Bd7 35.
Bh3 Bxh3 36.Kxh3 Rh8+ 37.Kg3 Rh7 38.Ba5 b6 39.Bd2 Rh8 40.Rc4 Ra8 41.Nf2 
Bc5 42.Ng4 Bd6 43.Kg2 Ra6 44.Rc6 Kg7 45.Ne3 Nd8 46.Nf5+ Kf6 47.Rc1 Bc5 48.
Be3 Ra5 49.Bd2 Rb5 50.Bc3 Nf7 51.Rc2 Rb3 52.Kg3 Nd6 53.Nh6 Ke7 54.Kg4 Nc4 
55.Kxg5 Be3+ 56.Kg6 Bxh6 57.Kxh6 Kd6 58.Bb4+ 1-0

[Event "EU-chT Seniors 07th"]
[Site "Dresden"]
[Date "2005.02.24"]
[Round "7"]
[White "Degenhardt, Norbert"]
[Black "Alter, Helmut"]
[Result "1/2-1/2"]
[WhiteElo "2134"]
[BlackElo "1692"]
[EventDate "2005.02.18"]
[PlyCount "120"]

1.e4 d5 2.exd5 Nf6 3.Bb5+ Bd7 4.Bc4 Bf5 5.Nc3 Nbd7 6.Qf3 g6 7.h3 Nb6 8.Bb3
Bg7 9.Nge2 O-O 10.d3 a5 11.a4 Ne8 12.Be3 Nd6 13.Bd4 Ne8 14.Bxg7 Nxg7 15.
Ng3 Qd7 16.Nge4 Qd8 17.O-O Bd7 18.Nc5 Rb8 19.Rfe1 Nc8 20.Nxd7 Qxd7 21.Nb5 
Nf5 22.Qf4 Ncd6 23.Nxd6 exd6 24.Qd2 Ra8 25.d4 Qd8 26.Qf4 Qf6 27.c3 g5 28.
Qf3 Kg7 29.Bc2 Nh4 30.Qd3 Ng6 31.g3 h5 32.Re3 Rae8 33.Rae1 Rxe3 34.Rxe3 
Rh8 35.Rf3 Qe7 36.Qe3 Qxe3 37.Rxe3 Kf6 38.Bxg6 fxg6 39.Re6+ Kf5 40.f3 g4 
41.fxg4+ hxg4 42.h4 Rh7 43.b4 axb4 44.cxb4 b6 45.Kg2 Rh8 46.Re7 Ra8 47.
Rf7+ Ke4 48.Rf4+ Kxd5 49.a5 bxa5 50.bxa5 Rxa5 51.Rxg4 Ra8 52.Rxg6 Kxd4 53.
h5 Ke5 54.g4 c5 55.g5 c4 56.Rg7 Rc8 57.h6 c3 58.h7 c2 59.Rc7 Rxc7 60.h8=Q+
Kd5 1/2-1/2

[Event "EU-chT Seniors 07th"]
[Site "Dresden"]
[Date "2005.02.24"]
[Round "7"]
[White "Denda, Ronald"]
[Black "Eyer, Karl"]
[Result "1-0"]
[WhiteElo "2051"]
[BlackElo "1889"]
[EventDate "2005.02.18"]
[PlyCount "91"]

1.e4 e5 2.Nf3 Nc6 3.d4 exd4 4.Nxd4 Bc5 5.Be3 Qf6 6.c3 Nge7 7.Nc2 Bb6 8.Nd2
d6 9.Qf3 Qg6 10.Be2 O-O 11.Qg3 Be6 12.Qxg6 Nxg6 13.O-O Bxe3 14.Nxe3 Nf4 
15.Bc4 Bxc4 16.Ndxc4 Rfe8 17.f3 b5 18.Nd2 b4 19.c4 a5 20.g3 Nd3 21.Rab1 
Nd4 22.Rfd1 Re6 23.Nd5 Rc8 24.Kg2 f5 25.Nf1 Nxf3 26.Rxd3 fxe4 27.Re3 c6 
28.Nf4 Re5 29.Rd1 g5 30.Nh5 g4 31.Nf6+ Kf7 32.Nxg4 Re6 33.Nd2 Ng5 34.h4 h5
35.Nf2 d5 36.hxg5 Kg6 37.Nh3 Re5 38.Rf1 Rce8 39.Rf6+ Kg7 40.Rd6 R5e6 41.
Rxe6 Rxe6 42.cxd5 cxd5 43.Nf4 Re5 44.Nxh5+ Kg6 45.Nf4+ Kxg5 46.Nb3 1-0

[Event "EU-chT Seniors 07th"]
[Site "Dresden"]
[Date "2005.02.24"]
[Round "7"]
[White "Dorawa, Bernhard"]
[Black "Malich, Burkhard"]
[Result "0-1"]
[WhiteElo "2066"]
[BlackElo "2367"]
[EventDate "2005.02.18"]
[PlyCount "119"]

1.e4 c5 2.Nc3 Nc6 3.g3 g6 4.Bg2 Bg7 5.d3 d6 6.Be3 e5 7.Qd2 Bd7 8.h4 h5 9.
Bh3 Nf6 10.f3 Nd4 11.Bg5 Bxh3 12.Rxh3 Qd7 13.Rh2 Ng8 14.Nd5 f6 15.Be3 Ne7 
16.Nxe7 Qxe7 17.c3 Ne6 18.Ne2 f5 19.O-O-O O-O 20.Rf1 Rae8 21.Bg5 Nxg5 22.
Qxg5 Qe6 23.Rhf2 Kh7 24.exf5 Rxf5 25.Qe3 Bh6 26.f4 Qxa2 27.c4 Qa1+ 28.Kc2 
Qa4+ 29.Kb1 Qc6 30.Qe4 exf4 31.Qxc6 bxc6 32.gxf4 Re3 33.Kc2 Rh3 34.Ra1 Rf7
35.Ra6 Rxh4 36.Rxc6 Bxf4 37.Rxd6 Rh2 38.Rxh2 Bxd6 39.Rh3 Kh6 40.Re3 Re7 
41.Kd2 Kg5 42.Rf3 Be5 43.b4 cxb4 44.d4 Rd7 45.Ke3 Bc7 46.c5 h4 47.Kd3 Kg4 
48.Rf1 h3 49.Rg1+ Kh5 50.Ke4 h2 51.Rh1 Kg4 52.d5 Kh3 53.d6 Kg2 54.Rxh2+ 
Kxh2 55.Kd5 Bxd6 56.cxd6 b3 57.Kc6 Rd8 58.Kc7 b2 59.Nc3 Rh8 60.d7 0-1

[Event "EU-chT Seniors 07th"]
[Site "Dresden"]
[Date "2005.02.24"]
[Round "7"]
[White "Dorsch, Baptist"]
[Black "Kanibalotska, Elisaweta"]
[Result "1/2-1/2"]
[WhiteElo "1691"]
[BlackElo "1669"]
[EventDate "2005.02.18"]
[PlyCount "97"]

1.d4 Nf6 2.Nf3 g6 3.Bf4 Bg7 4.e3 d6 5.Bd3 O-O 6.Nbd2 Nbd7 7.c3 c6 8.Qc2 
Qc7 9.Bg3 Re8 10.Rd1 e5 11.dxe5 dxe5 12.O-O Nh5 13.Bc4 b5 14.Be2 Nxg3 15.
fxg3 Qb6 16.Ne4 Qxe3+ 17.Kh1 Nc5 18.Nxc5 Qxc5 19.Ng5 Be6 20.Nxe6 Rxe6 21.
Rd7 Rf6 22.Bf3 Qe3 23.Qd1 Rf8 24.Re1 Qc5 25.h3 h6 26.Re2 a5 27.Red2 Qc4 
28.a3 a4 29.R2d6 Rxd6 30.Rxd6 Rc8 31.Be2 Qc5 32.Rd7 e4 33.Rxf7 Qd5 34.Qxd5
cxd5 35.Rd7 Rc5 36.Rb7 d4 37.cxd4 Bxd4 38.Kh2 Bxb2 39.Bxb5 Bxa3 40.Bxa4 
Re5 41.Rb1 e3 42.Bb3+ Kg7 43.Bc4 Bc5 44.Be2 Kf6 45.g4 Re7 46.Kg3 Ke5 47.
Rf1 Ra7 48.h4 Ra2 49.Kf3 1/2-1/2

[Event "EU-chT Seniors 07th"]
[Site "Dresden"]
[Date "2005.02.24"]
[Round "7"]
[White "Ehlert, Joachim"]
[Black "Schwertel, Johann"]
[Result "1/2-1/2"]
[WhiteElo "2031"]
[BlackElo "2051"]
[EventDate "2005.02.18"]
[PlyCount "33"]

1.e4 d5 2.exd5 Qxd5 3.Nf3 Nf6 4.Be2 c6 5.O-O Bf5 6.Nc3 Qa5 7.d3 Nbd7 8.Bd2
e6 9.a3 Be7 10.Re1 O-O 11.Nh4 Bg6 12.Nxg6 hxg6 13.Bf3 Ne5 14.Ne4 Nxf3+ 15.
Qxf3 Qb6 16.Nxf6+ Bxf6 17.Rab1 1/2-1/2

[Event "EU-chT Seniors 07th"]
[Site "Dresden"]
[Date "2005.02.24"]
[Round "7"]
[White "Eskandary, Jahja"]
[Black "Kristiansen, Erling"]
[Result "1/2-1/2"]
[WhiteElo "2146"]
[BlackElo "2267"]
[EventDate "2005.02.18"]
[PlyCount "22"]

1.e4 e5 2.Nc3 Nf6 3.Bc4 Nxe4 4.Qh5 Nd6 5.Bb3 Be7 6.Nf3 Nc6 7.Nxe5 Nxe5 8.
Qxe5 O-O 9.O-O Re8 10.d3 Bf6 11.Qc5 Be5 1/2-1/2

[Event "EU-chT Seniors 07th"]
[Site "Dresden"]
[Date "2005.02.24"]
[Round "7"]
[White "Gaprindashvili, Nona"]
[Black "Opl, Klaus"]
[Result "0-1"]
[WhiteElo "2309"]
[BlackElo "2324"]
[EventDate "2005.02.18"]
[PlyCount "117"]

1.d4 d5 2.c4 c6 3.Nf3 Nf6 4.Qb3 dxc4 5.Qxc4 Bf5 6.g3 e6 7.Bg2 Be7 8.O-O 
O-O 9.e3 Nbd7 10.Qe2 c5 11.Nc3 Ne4 12.Nd2 Nxc3 13.bxc3 Qc7 14.e4 Bg6 15.f4
f6 16.Nb3 Rac8 17.Be3 c4 18.Nd2 Qa5 19.Rac1 Rfe8 20.Rc2 Nb6 21.Bf2 Na4 22.
Qf3 b5 23.g4 Ba3 24.f5 exf5 25.gxf5 Bf7 26.Kh1 Nb6 27.Nb1 Bd6 28.Bg3 Bxg3 
29.Qxg3 Kh8 30.e5 Bd5 31.exf6 gxf6 32.Qd6 Rc6 33.Qf4 b4 34.cxb4 Qxb4 35.
Nc3 Bxg2+ 36.Kxg2 Qd6 37.Kf3 Rd8 38.Rd1 Qd7 39.d5 Rd6 40.Rcd2 Qf7 41.Rd4 
R6d7 42.d6 Qh5+ 43.Kf2 Qh3 44.Ne2 Rg8 45.Rg1 Rxg1 46.Nxg1 Qh5 47.Nf3 c3 
48.Qc1 Qxf5 49.Qxc3 Qe6 50.Qc5 Qxa2+ 51.Rd2 Qe6 52.h4 Kg7 53.h5 Nc4 54.Re2
Ne5 55.Nxe5 fxe5 56.Rxe5 Qxd6 57.Qxd6 Rxd6 58.Re7+ Kh6 59.Rxa7 0-1

[Event "EU-chT Seniors 07th"]
[Site "Dresden"]
[Date "2005.02.24"]
[Round "7"]
[White "Gergs, Wolfgang"]
[Black "Schroeder, Christian"]
[Result "1-0"]
[WhiteElo "2190"]
[BlackElo "2079"]
[EventDate "2005.02.18"]
[PlyCount "146"]

1.d4 d5 2.Nf3 Nf6 3.c4 c6 4.e3 e6 5.Bd3 dxc4 6.Bxc4 Nbd7 7.O-O a6 8.a4 b6 
9.Nbd2 c5 10.b3 Bb7 11.Qe2 Be7 12.Bb2 O-O 13.Rfd1 cxd4 14.exd4 Nd5 15.Ne4 
N7f6 16.Ng3 Nf4 17.Qe3 N6d5 18.Qe1 Nxg2 19.Qe4 Ngf4 20.Bxd5 Nh3+ 21.Kf1 
Bxd5 22.Qe3 Bb7 23.d5 Bxd5 24.Nh5 Bc5 25.Qe5 f6 26.Qg3 Ng5 27.h4 Bd6 28.
Rxd5 exd5 29.Qg4 Qc8 30.Qxc8 Raxc8 31.hxg5 fxg5 32.Kg2 g4 33.Ne1 Rc7 34.
Rd1 Rcf7 35.Nd3 g6 36.Ng3 h5 37.Nh1 Rf3 38.Bd4 b5 39.axb5 axb5 40.b4 Ra8 
41.Bc5 Bc7 42.Ne1 Rh3 43.Nc2 Ra2 44.Ne3 Rh2+ 45.Kg1 g3 46.Nf1 gxf2+ 47.
Nxf2 Rh4 48.Rxd5 Rc4 49.Rd7 Bf4 50.Nd3 g5 51.Bd4 Re2 52.Nc5 Re1 53.Rg7+ 
Kf8 54.Nd7+ Ke8 55.Nf6+ Kd8 56.Bf2 Rd1 57.Kg2 Rcc1 58.Bb6+ Kc8 59.Ne3 Rg1+
60.Kf2 Bxe3+ 61.Kxe3 Rge1+ 62.Kd4 Re6 63.Bc5 Rxf6 64.Rxg5 Rh6 65.Kd5 Rd1+ 
66.Bd4 Rh8 67.Kc5 Rc1+ 68.Kxb5 h4 69.Bxh8 h3 70.Rh5 Rg1 71.Rxh3 Rg5+ 72.
Ka4 Kb7 73.Rh6 Rc5 1-0

[Event "EU-chT Seniors 07th"]
[Site "Dresden"]
[Date "2005.02.24"]
[Round "7"]
[White "Golcman, Evgeny"]
[Black "Staller, Peter"]
[Result "1/2-1/2"]
[WhiteElo "2336"]
[BlackElo "2279"]
[EventDate "2005.02.18"]
[PlyCount "85"]

1.c4 e6 2.Nf3 Nf6 3.g3 d5 4.d4 Be7 5.Bg2 O-O 6.O-O b6 7.Nc3 Bb7 8.cxd5 
exd5 9.Bf4 Na6 10.Qa4 Qe8 11.Rac1 Ne4 12.Qxe8 Rfxe8 13.Nxe4 dxe4 14.Nd2 
Bf6 15.Nb3 Re7 16.g4 h6 17.Bd2 Bd5 18.Bc3 Rd8 19.e3 c6 20.Rfd1 Nc7 21.Bb4 
Ree8 22.Nd2 g6 23.b3 Kg7 24.Rc2 Re6 25.Rdc1 a5 26.Bc3 Na6 27.Nc4 c5 28.
dxc5 Bxc4 29.Bxf6+ Kxf6 30.Rxc4 Nxc5 31.Kf1 Ke5 32.Ke2 f5 33.f3 exf3+ 34.
Bxf3 Red6 35.R1c2 Kf6 36.b4 axb4 37.gxf5 gxf5 38.Rxb4 Re6 39.Rc3 Rd7 40.a3
Red6 41.Rc2 Re6 42.Rc3 Red6 43.Rc2 1/2-1/2

[Event "EU-chT Seniors 07th"]
[Site "Dresden"]
[Date "2005.02.24"]
[Round "7"]
[White "Gruzmann, Boris"]
[Black "Richardson, Keith B"]
[Result "1/2-1/2"]
[WhiteElo "2271"]
[BlackElo "2222"]
[EventDate "2005.02.18"]
[PlyCount "104"]

1.e4 g6 2.d4 Bg7 3.Nc3 d6 4.Be3 a6 5.Qd2 b5 6.f3 Nd7 7.h4 h6 8.g4 h5 9.
gxh5 Rxh5 10.Nge2 Ngf6 11.Ng3 Rh8 12.O-O-O Bb7 13.Qg2 e6 14.Be2 Qe7 15.a4 
b4 16.Na2 a5 17.Kb1 Nb6 18.Nc1 Bc6 19.b3 Bh6 20.Bg5 O-O-O 21.f4 Bxg5 22.
hxg5 Nfd7 23.Bg4 Kb8 24.Qd2 Bb7 25.c3 c5 26.cxb4 cxb4 27.Nce2 d5 28.e5 Ba6
29.Rc1 Rc8 30.Bf3 Rxc1+ 31.Nxc1 Rxh1 32.Nxh1 Kb7 33.Be2 Nb8 34.Nd3 N6d7 
35.Nhf2 Nc6 36.Nc1 Bxe2 37.Nxe2 Qd8 38.Ng4 Qb6 39.Nf6 Nxf6 40.gxf6 Kc7 41.
Qd3 Kb7 42.Kc1 Qa6 43.Qd2 Nd8 44.Kd1 Qc6 45.Ke1 Qe8 46.Qd3 Kc7 47.Qa6 Nc6 
48.Qb5 Qh8 49.Qc5 Qh4+ 50.Kd2 Qf2 51.Qd6+ Kb6 52.Qc5+ Kc7 1/2-1/2

[Event "EU-chT Seniors 07th"]
[Site "Dresden"]
[Date "2005.02.24"]
[Round "7"]
[White "Hentzschel, Erhard"]
[Black "Petzold, Hans"]
[Result "0-1"]
[WhiteElo "1995"]
[BlackElo "2137"]
[EventDate "2005.02.18"]
[PlyCount "108"]

1.Nf3 Nf6 2.b3 d5 3.Bb2 e6 4.e3 c5 5.Bb5+ Bd7 6.Bxd7+ Nbxd7 7.Nc3 Rc8 8.
O-O Be7 9.d4 O-O 10.Re1 Qa5 11.dxc5 Bxc5 12.a3 Be7 13.Qd4 a6 14.e4 dxe4 
15.Nxe4 Rxc2 16.b4 Qd5 17.Rad1 Qxd4 18.Bxd4 Rfc8 19.Nxf6+ Bxf6 20.Kf1 Kf8 
21.Re3 Bxd4 22.Rxd4 Nf6 23.Ne1 Ra2 24.Rdd3 Ke7 25.Re2 Ra1 26.f3 Rcc1 27.
Kf2 Rd1 28.Rxd1 Rxd1 29.Nc2 Nd5 30.Ne3 Nxe3 31.Rxe3 Rd2+ 32.Kg3 g5 33.h3 
Ra2 34.Rc3 b5 35.Rd3 f5 36.Rc3 Kf6 37.Rd3 h5 38.Rc3 h4+ 39.Kh2 Ke5 40.Rd3 
Kf4 41.Rd6 Rxa3 42.Rxe6 Rb3 43.Rxa6 Rxb4 44.Rb6 Rb2 45.Re6 Rb1 46.Re8 b4 
47.Re7 b3 48.Re8 Rc1 49.Rb8 Rc3 50.Rb5 Rd3 51.Rb8 Ke3 52.Rb5 Kf4 53.Rb4+ 
Ke3 54.Rb5 Kd2 0-1

[Event "EU-chT Seniors 07th"]
[Site "Dresden"]
[Date "2005.02.24"]
[Round "7"]
[White "Hermann, Armin"]
[Black "Farrand, Julian"]
[Result "1/2-1/2"]
[WhiteElo "2151"]
[BlackElo "2216"]
[EventDate "2005.02.18"]
[PlyCount "29"]

1.d4 d5 2.Nf3 Nc6 3.Nbd2 Bg4 4.h3 Bh5 5.e3 e6 6.Be2 Nf6 7.O-O Bd6 8.c4 O-O
9.a3 Re8 10.b4 Ne4 11.Nxe4 dxe4 12.Nd2 Bxe2 13.Qxe2 f5 14.Bb2 a6 15.Rad1 
1/2-1/2

[Event "EU-chT Seniors 07th"]
[Site "Dresden"]
[Date "2005.02.24"]
[Round "7"]
[White "Hoen, Ragnar Harald"]
[Black "Meier, Wolfgang"]
[Result "1-0"]
[WhiteElo "2271"]
[BlackElo "2159"]
[EventDate "2005.02.18"]
[PlyCount "69"]

1.e4 c5 2.Nf3 d6 3.d4 cxd4 4.Nxd4 Nf6 5.Nc3 a6 6.Bc4 e6 7.Bb3 Qc7 8.O-O 
Nbd7 9.Bg5 Nc5 10.Bxf6 gxf6 11.Re1 Be7 12.Qh5 Nxb3 13.Nxb3 Bd7 14.Rad1 h6 
15.Rd3 Bc6 16.Nd4 Qd7 17.Nd5 Bxd5 18.exd5 e5 19.Nf5 Rg8 20.Nxh6 Rg7 21.Rg3
Bf8 22.Rxg7 Bxg7 23.Nf5 Bf8 24.Qf3 Rc8 25.c3 Rc4 26.b3 Rc5 27.h4 Qc8 28.
Re3 Rxd5 29.Qxd5 Qxf5 30.Qxb7 Bh6 31.Qe4 Qg6 32.Qxg6 fxg6 33.Rd3 Kd7 34.c4
Kc6 35.g4 1-0

[Event "EU-chT Seniors 07th"]
[Site "Dresden"]
[Date "2005.02.24"]
[Round "7"]
[White "Hohler, Peter"]
[Black "Planas Ferret, Rossen"]
[Result "1/2-1/2"]
[WhiteElo "2248"]
[BlackElo "2233"]
[EventDate "2005.02.18"]
[PlyCount "57"]

1.c4 e6 2.Nc3 d5 3.d4 c5 4.cxd5 exd5 5.Nf3 Nc6 6.g3 Nf6 7.Bg2 Be7 8.O-O 
O-O 9.b3 Ne4 10.Bb2 Bf6 11.Na4 b5 12.Nxc5 Nxc5 13.Rc1 Nxd4 14.Bxd4 Ne4 15.
Bxf6 Nxf6 16.Qd4 Be6 17.Ne5 a6 18.Rc6 Qa5 19.Qb2 Rfc8 20.Rfc1 Rxc6 21.Nxc6
Qb6 22.Nd4 Rc8 23.Rxc8+ Bxc8 24.Qc3 Bd7 25.b4 Kf8 26.Nb3 Be6 27.Qc5+ Qxc5 
28.Nxc5 Bc8 29.Kf1 1/2-1/2

[Event "EU-chT Seniors 07th"]
[Site "Dresden"]
[Date "2005.02.24"]
[Round "7"]
[White "Jaeger, Erich"]
[Black "Kalmutzki, Manfred"]
[Result "1-0"]
[WhiteElo "2106"]
[BlackElo "1729"]
[EventDate "2005.02.18"]
[PlyCount "81"]

1.d4 d5 2.c4 e6 3.Nc3 f5 4.e3 c6 5.Bd3 Nf6 6.Nge2 Bd6 7.O-O O-O 8.c5 Bc7 
9.Qc2 Ne4 10.f3 Nxc3 11.bxc3 e5 12.dxe5 Bxe5 13.f4 Bc7 14.c4 Kh8 15.Bb2 
Qe7 16.Rf3 Nd7 17.cxd5 cxd5 18.Nd4 Nxc5 19.Bxf5 Ne4 20.Bxe4 dxe4 21.Rg3 
Rf7 22.Rc1 Bb6 23.Qc3 Bd7 24.Qb3 Bxd4 25.Bxd4 Be6 26.Qb2 a6 27.Be5 Rc8 28.
Rf1 Rg8 29.Qd4 Bf5 30.Rc1 Rd8 31.Rxg7 Rxg7 32.Bxg7+ Kg8 33.Qb6 Bg6 34.f5 
Bf7 35.Rf1 Kxg7 36.f6+ Kg8 37.Qa5 Rd5 38.Qxd5 Bxd5 39.fxe7 Bf7 40.Rf4 Be8 
41.Rf8+ 1-0

[Event "EU-chT Seniors 07th"]
[Site "Dresden"]
[Date "2005.02.24"]
[Round "7"]
[White "James, Geoffrey H"]
[Black "Appelt, Gerd"]
[Result "1-0"]
[WhiteElo "2208"]
[BlackElo "2196"]
[EventDate "2005.02.18"]
[PlyCount "95"]

1.e4 c5 2.Nf3 e6 3.d4 cxd4 4.Nxd4 a6 5.c4 Nf6 6.Nc3 Qc7 7.Be3 Nc6 8.Be2 
Bb4 9.O-O Bxc3 10.bxc3 Nxe4 11.Bf3 Nf6 12.Nxc6 dxc6 13.Bc5 Nd7 14.Bd6 Qa5 
15.Qd4 f6 16.Rfe1 Kf7 17.c5 Nf8 18.Rab1 Qxa2 19.Ra1 Qb2 20.Rab1 Qa2 21.c4 
Qa5 22.Bh5+ Ng6 23.f4 Re8 24.f5 Bd7 25.fxg6+ hxg6 26.Be2 e5 27.Qe3 Ra7 28.
Bd3 Qd8 29.Qf3 a5 30.Bxe5 a4 31.Ba1 Rxe1+ 32.Rxe1 b5 33.cxb6 Qxb6+ 34.Kh1 
Qc5 35.Qe4 f5 36.Qe2 Rb7 37.Bc2 a3 38.Qe5 Qxe5 39.Rxe5 Be6 40.Re3 a2 41.
Rb3 Rd7 42.Bd3 g5 43.Kg1 Kg6 44.g4 Kh6 45.gxf5 Bxf5 46.Bxf5 Rd1+ 47.Kf2 
Rxa1 48.Rh3# 1-0

[Event "EU-chT Seniors 07th"]
[Site "Dresden"]
[Date "2005.02.24"]
[Round "7"]
[White "Kahn, Peter"]
[Black "Perk, Egbert"]
[Result "1/2-1/2"]
[WhiteElo "2130"]
[BlackElo "1980"]
[EventDate "2005.02.18"]
[PlyCount "111"]

1.d4 Nf6 2.Nf3 d6 3.Nbd2 Nbd7 4.e4 e5 5.c3 Be7 6.Be2 O-O 7.O-O c6 8.a4 b6 
9.b4 a5 10.b5 c5 11.dxe5 dxe5 12.Bc4 Bb7 13.Qe2 Qc7 14.Ne1 Rad8 15.f3 Rfe8
16.Nc2 Nf8 17.Re1 Ng6 18.g3 h6 19.Nf1 Bf8 20.Be3 Rd7 21.Rad1 Red8 22.Bc1 
Rxd1 23.Rxd1 Rxd1 24.Qxd1 Qd6 25.Qxd6 Bxd6 26.Nce3 Ne7 27.Kf2 g6 28.Bb3 
Kg7 29.Nc4 Bc7 30.Nfe3 Nd7 31.Nb2 Nf6 32.Nd3 Ne8 33.Ng4 f5 34.exf5 gxf5 
35.Ngxe5 Nd5 36.Bxd5 Bxd5 37.c4 Bg8 38.Bf4 Nf6 39.Nb2 Nh5 40.Ned3 Nxf4 41.
gxf4 Kf6 42.Ke3 Bf7 43.Nc1 Bg8 44.Ne2 Ke7 45.Nc3 Kd6 46.h3 Bd8 47.Kd3 Bf6 
48.Nbd1 Bd4 49.Ne2 Bf6 50.Ne3 Ke6 51.Nd5 Bd8 52.Nec3 Bf7 53.Ke3 Kd6 54.Kd3
Ke6 55.Ne2 h5 56.Nec3 1/2-1/2

[Event "EU-chT Seniors 07th"]
[Site "Dresden"]
[Date "2005.02.24"]
[Round "7"]
[White "Khmiadashvili, Tamari"]
[Black "Titz, Herbert"]
[Result "1-0"]
[WhiteElo "2257"]
[BlackElo "2089"]
[EventDate "2005.02.18"]
[PlyCount "81"]

1.d4 Nf6 2.Nf3 d5 3.g3 Bf5 4.Bg2 e6 5.O-O Bd6 6.c4 c6 7.c5 Bc7 8.Nc3 Nbd7 
9.b4 e5 10.dxe5 Nxe5 11.Nd4 Bd7 12.f4 Ng6 13.e4 dxe4 14.Nxe4 O-O 15.Nxf6+ 
Qxf6 16.Bb2 Rfe8 17.Nb5 Qd8 18.Nxc7 Qxc7 19.Qd4 f6 20.Rfe1 Be6 21.Rxe6 
Rxe6 22.f5 Re7 23.fxg6 hxg6 24.Rd1 Rae8 25.Bc3 Qc8 26.b5 Qe6 27.bxc6 bxc6 
28.Bf1 Qf5 29.Bc4+ Kh7 30.Qh4+ Qh5 31.Qxh5+ gxh5 32.Rd6 h4 33.Kf2 f5 34.
Rxc6 g6 35.Bd3 Kh6 36.Rd6 Kh5 37.c6 g5 38.Rd7 hxg3+ 39.hxg3 Re6 40.c7 Rc6 
41.Bxf5 1-0